000 00294nam a22001217a 4500
008 170628b xxu||||| |||| 00| 0 eng d
041 _aeng
080 _26 ED
_a82
100 _a21
101 _aGJL
245 _aTHE NORTON ANTHOLOGY OF AMERICAN LITERATURE
_cBAYN.N
942 _2udc
_cBK
999 _c19396
_d19396